000 00439nam a2200145Ia 4500
008 151213s9999 xx 000 0 und d
100 _aআহমদ শরীফ।
245 _aকালিক ভাবনা
_cআহমদ শরীফ।
260 _aঢাকা
_bমুক্ত ধারা।
_c1947
300 _a8709 p.
650 _aBangla
650 _aগল্প
700 _aআহমদ শরীফ।
999 _c4495
_d4495